| 000 | 00434cam a2200169ua 4500 | ||
|---|---|---|---|
| 003 | OSt | ||
| 008 | 241227b |||||||| |||| 00| 0 eng d | ||
| 020 | _a0-87692-611-1 | ||
| 041 | _aeng | ||
| 082 |
_a515.6 _bSAS/IN |
||
| 100 |
_aSastry, S S . _95192 |
||
| 245 | _aIntroductory methods of Numerical Analysis / | ||
| 250 | _a2 / | ||
| 260 |
_aNew Delhi : _bPrentice Hall of India Pvt Ltd. , _c1992. |
||
| 300 | _a ; . | ||
| 942 | _cBK | ||
| 999 |
_c5836 _d5836 |
||